| 000 | 02255nam a22003377a 4500 | ||
|---|---|---|---|
| 001 | BR2023002157 | ||
| 003 | BR-BrBNA | ||
| 005 | 20231204145737.0 | ||
| 008 | 231204b2018 bl.a|||| |||| 00| 0 por d | ||
| 040 |
_aBR-BrBNA _bpor |
||
| 041 | _apor | ||
| 072 |
_aF01; F04; F02 _b1740 |
||
| 100 | _aFayad, Jamil Abdalla | ||
| 100 | _aComin, Jucinei José | ||
| 100 | _aKurtz, Claudinei | ||
| 100 | _aMafra, Álvaro | ||
| 110 | 1 |
_94168 _aEmpresa de Pesquisa Agropecuária e de Extensão Rural de Santa Catarina, Florianopólis, SC (Brasil) |
|
| 245 |
_aSistema de plantio direto de hortaliças (SPDH) : _bO cultivo da cebola |
||
| 260 |
_aFlorianópolis, SC (Brasil) : _bEpagri _c2018 |
||
| 300 | _a78 p. | ||
| 490 |
_aBoletim Didático - Empresa de Pesquisa Agropecuária e Extensão Rural de Santa Catarina S.A. (Brazil) _vno. 146 _x1414-5219 |
||
| 520 | _aO Sistema de Plantio Direto de Hortaliças (SPDH) se apresenta como uma das formas de transição mais ecológica de produção de hortaliças saudáveis, para a sociedade e o ambiente natural, capaz de gradualmente tornar mais equilibradas as relações presentes neste cenário. Há mais de vinte anos a Epagri iniciou o Sistema de Plantio Direto de Hortaliças (SPDH), agregando a pesquisa e a extensão e aprofundado relações técnico-científicas com ONG’s, a UFSC/CCA e a UDESC/CAV. Uma parcela dessas instituições vem desenvolvendo o SPDH mediante Lavouras de Estudo, pesquisa com participação da comunidade, cursos, viagens de estudos, encontros de socialização de resultados entre Lavoureiros e comunidade, palestras e publicações. Vale salientar que o SPDH é uma proposta de transição para toda a agricultura familiar que pratica o sistema convencional ou industrial, capaz de dinamizar as transformações nos sistemas de produção e consumo de alimentos, para que evoluam no sentido da complexidade, promovendo a saúde de plantas e melhorando as relações sociais, políticas, econômicas e ambientais. | ||
| 650 | _aCEBOLA | ||
| 650 | _aHORTALICA | ||
| 650 | _aMANEJO DO SOLO | ||
| 650 | _aPLANTIO DIRETO | ||
| 650 | _aMUDA | ||
| 856 | _uhttps://publicacoes.epagri.sc.gov.br/BD/issue/view/71/89 | ||
| 909 |
_a202312 _bWanessa Ribeiro |
||
| 942 | _cMS | ||
| 999 |
_c86937 _d86937 |
||